• 首页
  • 本馆介绍
  • 公告通知
  • 最新文献
  • 馆藏检索
  • 电子资源
  • 读者导购
  • 参考咨询
  • 我的图书馆
  • 登录
  • 详细信息显示
  • 放入我的书架
  • 预约/预借图书
  • 作者相关作品
  • 分类相关作品
  • 丛书相关作品
  • 出版社相关作品

书目信息

  • 表格格式
  • 工作单格式
  • 卡片格式
题名:
民事误判实证研究
    
 
作者: 刘澍 著
分册:  
出版信息: 上海   上海三联书店  2016
页数: 375页
开本: 24cm
丛书名:
单 册:
中图分类: D923.05
科图分类:
主题词: 民法--Min Fa--案例--中国
电子资源:
ISBN: 978-7-5426-5309-3
000 00969nam0 22002531 450
001 349996
005 20161008170058.40
010    @a978-7-5426-5309-3@dCNY48.00
100    @a20160513d2016 kemy0chiy50 ea
101 0  @achi
102    @aCN@b310000
105    @ay v 000yy
106    @ar
200 1  @a民事误判实证研究@AMin Shi Wu Pan Shi Zheng Yan Jiu@e以408件再审案为分析样本@f刘澍著
210    @a上海@c上海三联书店@d2016
215    @a375页@d24cm
300    @a本书系作者主持的2014年度安徽省哲学社会科学规划课题“秩序再造:多元化纠纷解决机制内部结构关系研究”的部分成果
330    @a本书共分为七部分,主要内容包括:前言、民事误判之基本理论、我国民事误判实证分析——以408件民事再审案件为分析样本等。
517 1  @a以408件再审案为分析样本@AYi 408Jian Zai Shen An Wei Fen Xi Yang Ben
606 0  @a民法@AMin Fa@x案例@y中国
690    @aD923.05@v5
701  0 @a刘澍@ALiu Shu@f(1977-)@4著
801  0 @aCN@bTANGWEI@20160802
905    @b0887805-9@dD923.05@e1358@f5
    
    民事误判实证研究:以408件再审案为分析样本/刘澍著.-上海:上海三联书店,2016
    375页;24cm
    本书系作者主持的2014年度安徽省哲学社会科学规划课题“秩序再造:多元化纠纷解决机制内部结构关系研究”的部分成果
    
    ISBN 978-7-5426-5309-3:CNY48.00
    本书共分为七部分,主要内容包括:前言、民事误判之基本理论、我国民事误判实证分析——以408件民事再审案件为分析样本等。
●
相关链接 在E读中查询图书 在五车中查询图书 在当当中查询图书 在豆瓣中查询图书


正题名:民事误判实证研究     索取号:D923.05/1358         预约/预借

序号 登录号 条形码 馆藏地/架位号 状态 备注
1 0887805   208878053   第一样本阅览室/ [索取号:D923.05/1358] 在馆    
2 0887806   208878062   第一借阅区/ [索取号:D923.05/1358] 在馆    
3 0887807   208878071   第一借阅区/ [索取号:D923.05/1358] 在馆    
4 0887808   208878080   密集书库-史法系/ [索取号:D923.05/1358] 在馆    
5 0887809   208878099   第一借阅区/ [索取号:D923.05/1358] 在馆    
唐山师范学院图书馆 欢迎您!
大连网信软件有限公司© 版权所有